[Event "DVM U10 2020"]
[Site "Magdeburg GER"]
[Date "2021.08.08"]
[Round "7"]
[White "Schäfer, Benjamin"]
[Black "Merenda, Lukas-Benedikt"]
[Result "1-0"]
[Termination "normal"]
[Board "2.2"]
[WhiteElo "1364"]
[BlackElo "1222"]
[WhiteClock "00:14:49"]
[BlackClock "00:03:01"]
[WhiteTeam "SV Königsjäger Süd-West e.V."]
[BlackTeam "Schachfreunde München e.V."]
[PlyCount "77"]
[WhiteFideId "34616390"]
[BlackFideId "34603336"]
[EventCountry "GER"]
[EventRounds "7"]
[EventType "team-swiss"]
[EventDate "2021.08.06"]

1. e4 {[%clk 00:55:07]} {[%emt 00:00:03]} c5 {[%clk 00:55:03]} {[%emt
00:00:08]} 2. Nf3 {[%clk 00:55:05]} {[%emt 00:00:05]} Nc6 {[%clk 00:55:05]}
{[%emt 00:00:04]} 3. d4 {[%emt 00:00:15]} cxd4 {[%clk 00:55:03]} 4. Nxd4 {[%clk
00:54:49]} {[%emt 00:00:17]} Nf6 {[%clk 00:55:02]} {[%emt 00:00:06]} 5. Nc3
{[%clk 00:54:45]} {[%emt 00:00:09]} e5 {[%clk 00:55:02]} {[%emt 00:00:06]} 6.
Nb3 {[%clk 00:54:25]} {[%emt 00:00:24]} Bb4 {[%clk 00:54:28]} {[%emt 00:00:40]}
7. Bg5 {[%clk 00:53:51]} {[%emt 00:00:38]} d6 {[%clk 00:53:55]} {[%emt
00:00:40]} 8. Bd3 {[%clk 00:53:18]} {[%emt 00:00:36]} h6 {[%clk 00:53:31]}
{[%emt 00:00:27]} 9. Bh4 {[%clk 00:52:56]} {[%emt 00:00:28]} Qc7 {[%clk
00:46:38]} {[%emt 00:06:59]} 10. O-O {[%clk 00:49:38]} {[%emt 00:03:21]} Bxc3
{[%clk 00:45:39]} {[%emt 00:01:06]} 11. bxc3 {[%clk 00:48:51]} {[%emt
00:00:55]} Be6 {[%clk 00:45:00]} {[%emt 00:00:43]} 12. Rb1 {[%clk 00:45:49]}
{[%emt 00:03:07]} O-O-O {[%clk 00:44:21]} {[%emt 00:00:44]} 13. Qf3 {[%clk
00:41:47]} {[%emt 00:04:07]} Bg4 {[%clk 00:38:56]} {[%emt 00:05:29]} 14. Qe3
{[%clk 00:39:46]} {[%emt 00:02:07]} g5 {[%clk 00:37:18]} {[%emt 00:01:43]} 15.
Bg3 {[%clk 00:39:13]} {[%emt 00:00:38]} d5 {[%clk 00:35:28]} {[%emt 00:01:56]}
16. f3 {[%clk 00:36:38]} {[%emt 00:02:40]} Bh5 {[%clk 00:34:30]} {[%emt
00:01:02]} 17. Nc5 {[%clk 00:34:42]} {[%emt 00:02:02]} d4 {[%clk 00:33:33]}
{[%emt 00:01:01]} 18. cxd4 {[%emt 00:01:15]} Nxd4 {[%clk 00:32:31]} {[%emt
00:01:05]} 19. Nxb7 {[%emt 00:01:12]} Rde8 {[%clk 00:23:42]} {[%emt 00:08:51]}
20. Ba6 {[%clk 00:29:01]} {[%emt 00:03:35]} Kd7 {[%clk 00:22:38]} {[%emt
00:01:08]} 21. Rfd1 {[%clk 00:27:03]} {[%emt 00:02:01]} Ke7 {[%clk 00:13:59]}
{[%emt 00:08:46]} 22. Rxd4 {[%clk 00:24:48]} {[%emt 00:02:19]} Kf8 {[%clk
00:10:02]} {[%emt 00:04:02]} 23. Rc4 {[%clk 00:22:59]} {[%emt 00:01:55]} Qd7
{[%clk 00:09:04]} {[%emt 00:01:03]} 24. Qc5+ {[%clk 00:20:55]} {[%emt
00:02:09]} Kg7 {[%clk 00:08:41]} {[%emt 00:00:27]} 25. Bxe5 {[%clk 00:19:44]}
{[%emt 00:01:17]} Rc8 {[%clk 00:07:48]} {[%emt 00:00:58]} 26. Bxf6+ {[%emt
00:00:40]} Kxf6 {[%clk 00:07:41]} {[%emt 00:00:11]} 27. Qd6+ {[%clk 00:19:05]}
{[%emt 00:00:11]} Qxd6 {[%clk 00:06:56]} {[%emt 00:00:48]} 28. Nxd6 {[%clk
00:18:48]} {[%emt 00:00:22]} Rxc4 {[%clk 00:06:57]} {[%emt 00:00:05]} 29. Bxc4
{[%clk 00:18:22]} {[%emt 00:00:31]} Rd8 {[%clk 00:06:55]} {[%emt 00:00:07]} 30.
Rd1 {[%clk 00:17:27]} {[%emt 00:00:59]} g4 {[%clk 00:04:33]} {[%emt 00:02:29]}
31. e5+ {[%clk 00:16:41]} {[%emt 00:00:50]} Kxe5 {[%clk 00:03:50]} {[%emt
00:00:48]} 32. Nxf7+ {[%clk 00:16:37]} {[%emt 00:00:10]} Bxf7 {[%clk 00:03:37]}
{[%emt 00:00:18]} 33. Rxd8 {[%clk 00:16:18]} {[%emt 00:00:23]} Bxc4 {[%clk
00:03:41]} {[%emt 00:00:02]} 34. fxg4 {[%clk 00:15:54]} {[%emt 00:00:28]} Bxa2
{[%clk 00:03:39]} {[%emt 00:00:07]} 35. Ra8 {[%clk 00:15:14]} {[%emt 00:00:45]}
Be6 {[%clk 00:03:39]} {[%emt 00:00:05]} 36. h3 {[%clk 00:15:07]} {[%emt
00:00:12]} Bd5 {[%clk 00:03:24]} {[%emt 00:00:21]} 37. Rxa7 {[%clk 00:15:03]}
{[%emt 00:00:08]} Kf6 {[%clk 00:03:02]} {[%emt 00:00:27]} 38. Ra6+ {[%clk
00:14:49]} {[%emt 00:00:19]} Kg5 {[%clk 00:03:01]} {[%emt 00:00:06]} 39. Ra3
{[%emt 00:00:14]} 1-0

[Event "DVM U10 2020"]
[Site "Magdeburg GER"]
[Date "2021.08.08"]
[Round "7"]
[White "Schäfle, Moritz"]
[Black "Hafener, Arne"]
[Result "1-0"]
[Termination "normal"]
[Board "2.3"]
[WhiteElo "1330"]
[BlackElo "1079"]
[WhiteClock "00:03:30"]
[BlackClock "00:07:33"]
[WhiteTeam "Schachfreunde München e.V."]
[BlackTeam "SV Königsjäger Süd-West e.V."]
[PlyCount "105"]
[WhiteFideId "34617043"]
[EventCountry "GER"]
[EventRounds "7"]
[EventType "team-swiss"]
[EventDate "2021.08.06"]

1. Nf3 {[%clk 00:55:09]} {[%emt 00:16:53]} d5 {[%clk 00:54:43]} {[%emt
00:00:28]} 2. g3 {[%clk 00:55:09]} {[%emt 00:00:04]} Nf6 {[%clk 00:54:27]}
{[%emt 00:00:22]} 3. Bg2 {[%clk 00:55:07]} {[%emt 00:00:08]} Nc6 {[%clk
00:54:10]} {[%emt 00:00:20]} 4. d4 {[%clk 00:54:54]} {[%emt 00:00:19]} Bf5
{[%clk 00:53:42]} {[%emt 00:00:32]} 5. O-O {[%clk 00:54:51]} {[%emt 00:00:07]}
Qd7 {[%clk 00:51:51]} {[%emt 00:01:55]} 6. c4 {[%clk 00:52:43]} {[%emt
00:02:14]} h5 {[%clk 00:47:23]} {[%emt 00:04:34]} 7. Nc3 {[%clk 00:51:52]}
{[%emt 00:00:55]} e6 {[%clk 00:46:58]} {[%emt 00:00:29]} 8. Ne5 {[%clk
00:50:31]} {[%emt 00:01:25]} Nxe5 {[%clk 00:46:00]} {[%emt 00:01:04]} 9. dxe5
{[%clk 00:50:25]} {[%emt 00:00:11]} Ng4 {[%clk 00:45:24]} {[%emt 00:00:43]} 10.
cxd5 {[%clk 00:45:44]} {[%emt 00:04:45]} Nxe5 {[%clk 00:42:34]} {[%emt
00:02:56]} 11. dxe6 {[%clk 00:45:09]} {[%emt 00:00:40]} Bxe6 {[%clk 00:41:38]}
{[%emt 00:01:00]} 12. Qxd7+ {[%clk 00:44:21]} {[%emt 00:00:53]} Nxd7 {[%clk
00:41:19]} {[%emt 00:00:25]} 13. Bxb7 {[%clk 00:44:07]} {[%emt 00:00:16]} Rb8
{[%clk 00:40:46]} {[%emt 00:00:41]} 14. Bg2 {[%clk 00:42:47]} {[%emt 00:01:26]}
h4 {[%clk 00:40:18]} {[%emt 00:00:33]} 15. b3 {[%clk 00:39:58]} {[%emt
00:02:52]} Bc5 {[%clk 00:39:03]} {[%emt 00:01:17]} 16. e3 {[%clk 00:37:11]}
{[%emt 00:02:56]} g5 {[%clk 00:35:44]} {[%emt 00:03:25]} 17. Ne4 {[%clk
00:34:22]} {[%emt 00:02:53]} Be7 {[%clk 00:35:18]} {[%emt 00:00:30]} 18. Bb2
{[%clk 00:32:41]} {[%emt 00:01:47]} Rh7 {[%clk 00:33:35]} {[%emt 00:01:47]} 19.
Rac1 {[%clk 00:30:39]} {[%emt 00:02:07]} Rb7 {[%clk 00:32:13]} {[%emt
00:01:28]} 20. Nd6+ {[%clk 00:29:59]} {[%emt 00:00:44]} Bxd6 {[%clk 00:31:45]}
{[%emt 00:00:34]} 21. Bxb7 {[%clk 00:29:31]} {[%emt 00:00:31]} Nc5 {[%clk
00:29:10]} {[%emt 00:02:41]} 22. Bc6+ {[%clk 00:28:03]} {[%emt 00:01:33]} Ke7
{[%clk 00:28:28]} {[%emt 00:00:48]} 23. Ba3 {[%clk 00:24:16]} {[%emt 00:03:52]}
Nd3 {[%clk 00:27:31]} {[%emt 00:01:01]} 24. Bxd6+ {[%clk 00:22:37]} {[%emt
00:01:45]} cxd6 {[%clk 00:26:42]} {[%emt 00:00:53]} 25. Rc3 {[%clk 00:18:45]}
{[%emt 00:03:57]} Ne5 {[%clk 00:25:44]} {[%emt 00:01:04]} 26. Be4 {[%clk
00:16:25]} {[%emt 00:02:24]} Rh6 {[%clk 00:24:45]} {[%emt 00:01:05]} 27. Rc7+
{[%clk 00:15:50]} {[%emt 00:00:38]} Kf6 {[%clk 00:24:34]} {[%emt 00:00:17]} 28.
Rxa7 {[%clk 00:14:30]} {[%emt 00:01:23]} Ng4 {[%clk 00:23:41]} {[%emt
00:01:01]} 29. h3 {[%clk 00:11:09]} {[%emt 00:03:27]} Ne5 {[%clk 00:22:27]}
{[%emt 00:01:18]} 30. g4 {[%clk 00:10:11]} {[%emt 00:01:04]} Bxg4 {[%clk
00:19:02]} {[%emt 00:03:30]} 31. hxg4 {[%clk 00:09:03]} {[%emt 00:01:12]} Nxg4
{[%clk 00:18:38]} {[%emt 00:00:29]} 32. Bf3 {[%clk 00:08:21]} {[%emt 00:00:47]}
Ne5 {[%clk 00:18:24]} {[%emt 00:00:19]} 33. Be2 {[%clk 00:07:53]} {[%emt
00:00:32]} h3 {[%clk 00:17:52]} {[%emt 00:00:38]} 34. Kh2 {[%clk 00:07:21]}
{[%emt 00:00:37]} Ke6 {[%clk 00:17:22]} {[%emt 00:00:35]} 35. Rg1 {[%clk
00:06:33]} {[%emt 00:00:53]} f6 {[%clk 00:16:20]} {[%emt 00:01:07]} 36. Rg3
{[%clk 00:06:07]} {[%emt 00:00:31]} f5 {[%clk 00:14:19]} {[%emt 00:02:05]} 37.
Rxg5 {[%clk 00:05:08]} {[%emt 00:01:03]} Kf6 {[%clk 00:13:14]} {[%emt
00:01:11]} 38. Rg3 {[%clk 00:04:55]} {[%emt 00:00:18]} Ke6 {[%clk 00:11:16]}
{[%emt 00:02:02]} 39. Rxh3 {[%clk 00:04:52]} {[%emt 00:00:10]} Rxh3+ {[%clk
00:11:10]} {[%emt 00:00:11]} 40. Kxh3 {[%clk 00:04:55]} {[%emt 00:00:02]} Kd5
{[%clk 00:10:57]} {[%emt 00:00:18]} 41. Rc7 {[%clk 00:04:24]} {[%emt 00:00:35]}
Ke4 {[%emt 00:00:27]} 42. a4 {[%clk 00:04:10]} {[%emt 00:00:17]} d5 {[%clk
00:10:36]} {[%emt 00:00:06]} 43. a5 {[%clk 00:03:50]} {[%emt 00:00:25]} d4
{[%clk 00:10:13]} {[%emt 00:00:29]} 44. exd4 {[%clk 00:03:47]} {[%emt
00:00:07]} Kxd4 {[%clk 00:10:13]} {[%emt 00:00:06]} 45. a6 {[%clk 00:03:41]}
{[%emt 00:00:10]} f4 {[%clk 00:09:45]} {[%emt 00:00:35]} 46. a7 {[%clk
00:03:34]} {[%emt 00:00:10]} f3 {[%clk 00:09:45]} {[%emt 00:00:06]} 47. Bxf3
{[%clk 00:03:23]} {[%emt 00:00:16]} Nxf3 {[%clk 00:09:48]} {[%emt 00:00:02]}
48. a8=Q {[%clk 00:03:23]} {[%emt 00:00:04]} Nd2 {[%clk 00:09:33]} {[%emt
00:00:21]} 49. Qd8+ {[%clk 00:03:23]} {[%emt 00:00:04]} Ke4 {[%clk 00:09:22]}
{[%emt 00:00:13]} 50. Re7+ {[%clk 00:03:25]} {[%emt 00:00:05]} Kf4 {[%clk
00:08:44]} {[%emt 00:00:45]} 51. Qf8+ {[%clk 00:03:28]} {[%emt 00:00:02]} Kg5
{[%clk 00:07:55]} {[%emt 00:00:53]} 52. Rg7+ {[%clk 00:03:30]} {[%emt
00:00:03]} Kh5 {[%clk 00:07:33]} {[%emt 00:00:28]} 53. Qh8# {[%emt 00:00:43]}
1-0

[Event "DVM U10 2020"]
[Site "Magdeburg GER"]
[Date "2021.08.08"]
[Round "7"]
[White "Weng, Hao"]
[Black "Helfer, Lucas"]
[Result "1-0"]
[Termination "normal"]
[Board "2.4"]
[WhiteElo "1007"]
[BlackElo "761"]
[WhiteClock "00:02:35"]
[BlackClock "00:30:23"]
[WhiteTeam "SV Königsjäger Süd-West e.V."]
[BlackTeam "Schachfreunde München e.V."]
[PlyCount "119"]
[WhiteFideId "16268261"]
[EventCountry "GER"]
[EventRounds "7"]
[EventType "team-swiss"]
[EventDate "2021.08.06"]

1. e4 {[%clk 00:55:09]} {[%emt 00:00:01]} e5 {[%clk 00:55:04]} {[%emt
00:00:06]} 2. Nf3 {[%clk 00:55:09]} {[%emt 00:00:05]} Nc6 {[%clk 00:55:04]}
{[%emt 00:00:07]} 3. Bc4 {[%clk 00:55:04]} {[%emt 00:00:09]} Bc5 {[%clk
00:54:57]} {[%emt 00:00:11]} 4. Nc3 {[%clk 00:54:44]} {[%emt 00:00:25]} Nf6
{[%clk 00:54:56]} {[%emt 00:00:07]} 5. d3 {[%clk 00:54:14]} {[%emt 00:00:36]}
h6 {[%clk 00:54:52]} {[%emt 00:00:08]} 6. Be3 {[%clk 00:53:37]} {[%emt
00:00:42]} Bxe3 {[%clk 00:54:40]} {[%emt 00:00:15]} 7. fxe3 {[%clk 00:53:22]}
{[%emt 00:00:22]} O-O {[%clk 00:54:28]} {[%emt 00:00:17]} 8. O-O {[%clk
00:52:38]} {[%emt 00:00:17]} d6 {[%clk 00:54:32]} 9. d4 {[%clk 00:52:19]}
{[%emt 00:00:57]} Bg4 {[%clk 00:54:08]} {[%emt 00:00:29]} 10. Qd2 {[%clk
00:51:55]} {[%emt 00:00:30]} Qd7 {[%clk 00:53:44]} {[%emt 00:00:29]} 11. Rae1
{[%clk 00:49:45]} {[%emt 00:02:17]} Rfe8 {[%clk 00:53:18]} {[%emt 00:00:31]}
12. a3 {[%clk 00:48:38]} {[%emt 00:01:11]} a6 {[%clk 00:53:14]} {[%emt
00:00:09]} 13. Bb3 {[%clk 00:47:42]} {[%emt 00:01:02]} b5 {[%clk 00:52:12]}
{[%emt 00:01:04]} 14. Rd1 {[%clk 00:46:59]} {[%emt 00:00:49]} a5 {[%clk
00:50:45]} {[%emt 00:01:32]} 15. Nxb5 {[%clk 00:46:04]} {[%emt 00:00:58]} a4
{[%clk 00:49:30]} {[%emt 00:01:23]} 16. Ba2 {[%clk 00:44:30]} {[%emt 00:01:42]}
Nxe4 {[%clk 00:49:11]} {[%emt 00:00:20]} 17. Qd3 {[%clk 00:43:40]} {[%emt
00:00:55]} Ng5 {[%clk 00:48:43]} {[%emt 00:00:34]} 18. dxe5 {[%clk 00:40:58]}
{[%emt 00:02:46]} Nxe5 {[%clk 00:48:28]} {[%emt 00:00:19]} 19. Nxe5 {[%clk
00:40:03]} {[%emt 00:01:00]} Rxe5 {[%clk 00:48:06]} {[%emt 00:00:29]} 20. Nc3
{[%clk 00:38:03]} {[%emt 00:02:04]} Bxd1 {[%clk 00:47:55]} {[%emt 00:00:16]}
21. Qxd1 {[%clk 00:37:16]} {[%emt 00:00:52]} Rxe3 {[%clk 00:47:25]} {[%emt
00:00:35]} 22. Qd5 {[%clk 00:34:50]} {[%emt 00:02:27]} Rae8 {[%clk 00:46:04]}
{[%emt 00:01:31]} 23. Qd2 {[%clk 00:33:34]} {[%emt 00:01:03]} Qg4 {[%clk
00:45:22]} {[%emt 00:01:04]} 24. Kh1 {[%clk 00:32:51]} {[%emt 00:00:48]} Qh4
{[%clk 00:44:16]} {[%emt 00:01:11]} 25. Nd5 {[%clk 00:32:02]} {[%emt 00:00:53]}
Re1 {[%emt 00:00:32]} 26. Kg1 {[%clk 00:30:12]} {[%emt 00:01:53]} Nf3+ {[%clk
00:42:47]} {[%emt 00:01:10]} 27. gxf3 {[%clk 00:29:30]} {[%emt 00:00:47]} R1e2
{[%clk 00:40:52]} {[%emt 00:02:00]} 28. Qf4 {[%clk 00:28:05]} {[%emt 00:01:29]}
Qh3 {[%clk 00:38:00]} {[%emt 00:02:59]} 29. Qg3 {[%clk 00:27:30]} {[%emt
00:00:40]} Qxg3+ {[%clk 00:37:38]} {[%emt 00:00:26]} 30. hxg3 {[%emt 00:01:23]}
R8e5 {[%emt 00:00:34]} 31. Nxc7 {[%clk 00:25:01]} {[%emt 00:00:38]} Rg5 {[%clk
00:36:53]} {[%emt 00:00:49]} 32. g4 {[%clk 00:24:43]} {[%emt 00:00:24]} h5
{[%clk 00:36:49]} {[%emt 00:00:07]} 33. Kh1 {[%clk 00:23:23]} {[%emt 00:01:27]}
hxg4 {[%clk 00:36:30]} {[%emt 00:00:20]} 34. fxg4 {[%clk 00:23:28]} Rxg4 {[%clk
00:36:09]} {[%emt 00:00:30]} 35. Bxf7+ {[%clk 00:22:28]} {[%emt 00:01:04]} Kh7
{[%clk 00:36:00]} {[%emt 00:00:15]} 36. Ne6 {[%clk 00:20:35]} {[%emt 00:01:57]}
Rh4+ {[%clk 00:35:39]} {[%emt 00:00:26]} 37. Kg1 {[%clk 00:20:23]} {[%emt
00:00:17]} g6 {[%clk 00:35:25]} {[%emt 00:00:19]} 38. Rf2 {[%clk 00:19:26]}
{[%emt 00:01:03]} Re1+ {[%clk 00:35:09]} {[%emt 00:00:22]} 39. Kg2 {[%clk
00:19:05]} {[%emt 00:00:25]} Re3 {[%clk 00:34:40]} {[%emt 00:00:34]} 40. Nf8+
{[%clk 00:17:51]} {[%emt 00:01:19]} Kg7 {[%clk 00:34:31]} {[%emt 00:00:14]} 41.
Nxg6 {[%clk 00:17:12]} {[%emt 00:00:38]} Rg4+ {[%clk 00:34:04]} {[%emt
00:00:38]} 42. Kh2 {[%clk 00:16:20]} {[%emt 00:01:00]} Kh6 {[%clk 00:33:59]}
{[%emt 00:00:16]} 43. b3 {[%clk 00:14:39]} {[%emt 00:01:47]} axb3 {[%clk
00:33:34]} {[%emt 00:00:27]} 44. cxb3 {[%clk 00:14:09]} {[%emt 00:00:39]} Rxb3
{[%clk 00:33:27]} {[%emt 00:00:11]} 45. Bxb3 {[%clk 00:14:12]} {[%emt
00:00:02]} Kxg6 {[%clk 00:33:16]} {[%emt 00:00:15]} 46. Ra2 {[%clk 00:13:38]}
{[%emt 00:00:40]} Kf5 {[%clk 00:33:08]} {[%emt 00:00:13]} 47. a4 {[%clk
00:13:13]} {[%emt 00:00:31]} Kf4 {[%clk 00:32:53]} {[%emt 00:00:19]} 48. a5
{[%clk 00:13:05]} {[%emt 00:00:13]} Rg8 {[%clk 00:32:29]} {[%emt 00:00:28]} 49.
Bxg8 {[%emt 00:00:29]} d5 {[%clk 00:32:02]} {[%emt 00:00:28]} 50. Bxd5 {[%clk
00:12:46]} {[%emt 00:00:04]} Ke5 {[%clk 00:31:53]} {[%emt 00:00:12]} 51. a6
{[%emt 00:01:13]} Kxd5 {[%emt 00:00:11]} 52. a7 {[%clk 00:10:09]} {[%emt
00:01:21]} Kc6 {[%clk 00:31:51]} {[%emt 00:00:08]} 53. a8=Q+ {[%clk 00:09:09]}
{[%emt 00:01:03]} Kb6 {[%emt 00:00:40]} 54. Rb2+ {[%clk 00:08:53]} {[%emt
00:00:16]} Kc5 {[%clk 00:31:13]} {[%emt 00:00:22]} 55. Qc8+ {[%clk 00:05:14]}
{[%emt 00:03:46]} Kd5 {[%clk 00:31:03]} {[%emt 00:00:15]} 56. Rd2+ {[%clk
00:04:47]} {[%emt 00:00:32]} Ke5 {[%clk 00:30:50]} {[%emt 00:00:33]} 57. Qe8+
{[%clk 00:04:23]} {[%emt 00:00:24]} Kf5 {[%clk 00:30:47]} {[%emt 00:00:08]} 58.
Rf2+ {[%clk 00:04:09]} {[%emt 00:00:19]} Kg5 {[%emt 00:00:35]} 59. Qf8 {[%emt
00:00:05]} Kh6 {[%emt 00:00:09]} 60. Qg8 {[%clk 00:03:29]} Kh5 {[%clk
00:30:23]} {[%emt 00:00:20]} 61. Rf3 {[%clk 00:02:35]} {1-} 1-0

[Event "DVM U10 2020"]
[Site "Magdeburg GER"]
[Date "2021.08.08"]
[Round "7"]
[White "Shen, Tingrui"]
[Black "Nguyen, Bach Khoi"]
[Result "0-1"]
[Termination "normal"]
[Board "3.1"]
[WhiteElo "1561"]
[BlackElo "1086"]
[WhiteClock "00:37:41"]
[BlackClock "00:14:30"]
[WhiteTeam "TV Tegernsee"]
[BlackTeam "TSG Oberschöneweide e.V."]
[PlyCount "48"]
[WhiteFideId "34603441"]
[BlackFideId "34600256"]
[EventCountry "GER"]
[EventRounds "7"]
[EventType "team-swiss"]
[EventDate "2021.08.06"]

1. e4 {[%clk 00:55:06]} {[%emt 00:00:05]} e5 {[%clk 00:55:00]} {[%emt
00:00:09]} 2. Nf3 {[%clk 00:55:02]} {[%emt 00:00:09]} Nc6 {[%clk 00:54:52]}
{[%emt 00:00:14]} 3. Bc4 {[%clk 00:54:58]} {[%emt 00:00:09]} Bc5 {[%clk
00:54:44]} {[%emt 00:00:15]} 4. c3 {[%clk 00:54:46]} {[%emt 00:00:16]} Nf6
{[%clk 00:54:38]} {[%emt 00:00:10]} 5. d4 {[%clk 00:54:38]} {[%emt 00:00:14]}
exd4 {[%clk 00:54:29]} {[%emt 00:00:15]} 6. O-O {[%clk 00:54:25]} {[%emt
00:00:16]} d3 {[%clk 00:51:54]} {[%emt 00:02:40]} 7. e5 {[%clk 00:53:08]}
{[%emt 00:01:24]} d5 {[%clk 00:50:53]} {[%emt 00:01:05]} 8. Bxd3 {[%clk
00:52:52]} {[%emt 00:00:22]} Nd7 {[%clk 00:50:10]} {[%emt 00:00:47]} 9. Re1
{[%clk 00:51:44]} {[%emt 00:01:12]} O-O {[%clk 00:49:32]} {[%emt 00:00:42]} 10.
b4 {[%clk 00:50:59]} {[%emt 00:00:50]} Bb6 {[%clk 00:49:13]} {[%emt 00:00:23]}
11. Bc2 {[%clk 00:49:51]} {[%emt 00:01:14]} Ne7 {[%clk 00:43:46]} {[%emt
00:05:31]} 12. Ng5 {[%clk 00:48:52]} {[%emt 00:01:07]} h6 {[%clk 00:43:06]}
{[%emt 00:00:44]} 13. Qh5 {[%clk 00:47:11]} {[%emt 00:01:44]} Ng6 {[%clk
00:40:00]} {[%emt 00:03:13]} 14. Nxf7 {[%clk 00:46:09]} {[%emt 00:01:06]} Rxf7
{[%clk 00:35:08]} {[%emt 00:04:58]} 15. Be3 {[%clk 00:44:11]} {[%emt 00:02:03]}
Nf4 {[%clk 00:31:20]} {[%emt 00:03:52]} 16. Bxf4 {[%clk 00:42:11]} {[%emt
00:02:05]} Rxf4 {[%clk 00:30:55]} {[%emt 00:00:31]} 17. Re2 {[%clk 00:41:47]}
{[%emt 00:00:29]} Qf8 {[%clk 00:29:57]} {[%emt 00:01:02]} 18. Qg6 {[%clk
00:40:50]} {[%emt 00:01:03]} Bxf2+ {[%clk 00:19:19]} {[%emt 00:10:43]} 19. Rxf2
{[%clk 00:40:26]} {[%emt 00:00:29]} Rxf2 {[%clk 00:17:20]} {[%emt 00:02:03]}
20. Qh7+ {[%clk 00:40:13]} {[%emt 00:00:18]} Kf7 {[%clk 00:17:03]} {[%emt
00:00:23]} 21. Kxf2 {[%clk 00:39:49]} {[%emt 00:00:29]} Ke7+ {[%clk 00:16:16]}
{[%emt 00:00:52]} 22. Ke2 {[%clk 00:38:32]} {[%emt 00:01:22]} Nxe5 {[%clk
00:15:44]} {[%emt 00:00:37]} 23. Bb3 {[%clk 00:38:04]} {[%emt 00:00:32]} Bg4+
{[%clk 00:15:25]} {[%emt 00:00:25]} 24. Ke3 {[%clk 00:37:41]} {[%emt 00:00:28]}
Bf5 {[%clk 00:14:30]} {[%emt 00:01:00]} 0-1

[Event "DVM U10 2020"]
[Site "Magdeburg GER"]
[Date "2021.08.08"]
[Round "7"]
[White "Schriefer, Leo Hans"]
[Black "Limmer, Marco"]
[Result "1/2-1/2"]
[Termination "normal"]
[Board "3.2"]
[WhiteElo "1037"]
[BlackElo "1352"]
[WhiteClock "00:16:34"]
[BlackClock "00:20:15"]
[WhiteTeam "TSG Oberschöneweide e.V."]
[BlackTeam "TV Tegernsee"]
[PlyCount "71"]
[WhiteFideId "16266935"]
[BlackFideId "34603506"]
[EventCountry "GER"]
[EventRounds "7"]
[EventType "team-swiss"]
[EventDate "2021.08.06"]

1. e4 {[%clk 00:55:09]} e6 {[%clk 00:55:06]} {[%emt 00:00:05]} 2. d4 {[%clk
00:55:09]} {[%emt 00:00:05]} d5 {[%clk 00:55:07]} {[%emt 00:00:04]} 3. exd5
{[%clk 00:55:13]} {[%emt 00:00:02]} exd5 {[%clk 00:55:04]} {[%emt 00:00:08]} 4.
Bd3 {[%clk 00:55:09]} {[%emt 00:00:08]} Nf6 {[%clk 00:54:45]} {[%emt 00:00:25]}
5. h3 {[%clk 00:55:09]} {[%emt 00:00:05]} Be7 {[%clk 00:54:24]} {[%emt
00:00:25]} 6. Nf3 {[%clk 00:55:03]} {[%emt 00:00:13]} O-O {[%clk 00:54:13]}
{[%emt 00:00:16]} 7. O-O {[%clk 00:55:05]} {[%emt 00:00:02]} Nc6 {[%clk
00:53:05]} {[%emt 00:01:12]} 8. Bf4 {[%clk 00:54:33]} {[%emt 00:00:38]} Nb4
{[%clk 00:51:32]} {[%emt 00:01:38]} 9. Bb5 {[%clk 00:52:49]} {[%emt 00:01:49]}
Bd7 {[%emt 00:02:10]} 10. Bxd7 {[%emt 00:00:47]} Nxd7 {[%clk 00:48:37]} {[%emt
00:00:47]} 11. Nc3 {[%clk 00:52:00]} {[%emt 00:00:19]} Nf6 {[%clk 00:47:23]}
{[%emt 00:01:19]} 12. Re1 {[%clk 00:48:46]} {[%emt 00:03:19]} Bd6 {[%clk
00:45:33]} {[%emt 00:01:58]} 13. Bg5 {[%clk 00:47:35]} {[%emt 00:01:12]} Be7
{[%clk 00:44:09]} {[%emt 00:01:28]} 14. Bf4 {[%clk 00:45:14]} {[%emt 00:02:28]}
Bd6 {[%clk 00:42:49]} {[%emt 00:01:24]} 15. Bg5 {[%clk 00:44:39]} {[%emt
00:00:40]} Be7 {[%clk 00:42:40]} {[%emt 00:00:14]} 16. a3 {[%clk 00:44:02]}
{[%emt 00:00:42]} Nc6 {[%clk 00:42:24]} {[%emt 00:00:20]} 17. Ne5 {[%clk
00:42:43]} {[%emt 00:01:25]} h6 {[%clk 00:41:34]} {[%emt 00:00:55]} 18. Nxc6
{[%clk 00:41:43]} {[%emt 00:01:05]} bxc6 {[%clk 00:41:15]} {[%emt 00:00:25]}
19. Bh4 {[%clk 00:40:55]} {[%emt 00:00:52]} Re8 {[%clk 00:39:41]} {[%emt
00:01:38]} 20. Qd3 {[%clk 00:37:54]} {[%emt 00:03:07]} Nd7 {[%clk 00:37:59]}
{[%emt 00:01:47]} 21. Bxe7 {[%clk 00:36:09]} {[%emt 00:01:50]} Rxe7 {[%clk
00:37:47]} {[%emt 00:00:18]} 22. Qa6 {[%clk 00:33:53]} {[%emt 00:02:21]} Nb6
{[%clk 00:35:15]} {[%emt 00:02:36]} 23. Qd3 {[%clk 00:31:26]} {[%emt 00:02:29]}
Qe8 {[%clk 00:34:10]} {[%emt 00:01:13]} 24. Rxe7 {[%clk 00:29:38]} {[%emt
00:01:54]} Qxe7 {[%clk 00:34:08]} {[%emt 00:00:07]} 25. Ne2 {[%clk 00:28:47]}
{[%emt 00:00:56]} c5 {[%clk 00:32:55]} {[%emt 00:01:17]} 26. Ng3 {[%clk
00:28:28]} {[%emt 00:00:24]} cxd4 {[%clk 00:31:48]} {[%emt 00:01:13]} 27. Qxd4
{[%clk 00:28:12]} {[%emt 00:00:21]} Re8 {[%clk 00:29:27]} {[%emt 00:02:26]} 28.
Nf5 {[%emt 00:04:06]} Qe5 {[%clk 00:29:16]} {[%emt 00:00:14]} 29. Qxe5 {[%clk
00:21:54]} {[%emt 00:02:23]} Rxe5 {[%clk 00:29:13]} {[%emt 00:00:08]} 30. Ng3
{[%clk 00:21:54]} {[%emt 00:00:05]} g5 {[%clk 00:26:36]} {[%emt 00:02:42]} 31.
b3 {[%clk 00:20:40]} {[%emt 00:01:19]} f5 {[%clk 00:26:12]} {[%emt 00:00:29]}
32. Kf1 {[%clk 00:19:33]} {[%emt 00:01:12]} f4 {[%clk 00:25:23]} {[%emt
00:00:54]} 33. Ne2 {[%clk 00:19:21]} {[%emt 00:00:16]} c5 {[%clk 00:24:32]}
{[%emt 00:00:58]} 34. Re1 {[%clk 00:16:45]} {[%emt 00:02:40]} Kf7 {[%clk
00:21:01]} {[%emt 00:03:35]} 35. Nc3 {[%clk 00:16:32]} {[%emt 00:00:19]} Rxe1+
{[%clk 00:20:15]} {[%emt 00:00:51]} 36. Kxe1 {[%clk 00:16:34]} {[%emt
00:00:04]} 1/2-1/2